000 00785nam a22002177a 4500
003 UA-OsUOA
001 39728
007 ta
008 20080516b un ||||| |||| 00| 0 ukr d
090 _a014
_bФ77
942 _cBK
040 _aUA-OsUOA
_bukr
_cUA-OsUOA
_dUA-OsUOA
245 _aФонди з історії Української Повстанської Армії в державних архівосховищах України
_bВипуск 1
_cАнотований покажчик фондів УПА (1942 - 1946)
300 _a59 с.
955 _a1
041 _aukr
080 _a014
260 _aК.
_bІнститут історії України
_c1999
650 7 _a01 Бібліографія і бібліографії. Каталоги
_2UDC
999 _c438237
_d438237